000 00722nam a2200229 a 4500
001 000022895
005 20200930021849.0
008 101122s1998 ck 000 0 spa d
020 _a9582003979
082 _aC861.44
_bR669t
100 1 _aRoca, Juan Manuel.
_947059
240 1 0 _aTertulia de ausentes.
_lEspañol
245 1 0 _aTertulia de ausentes /
_cJuan Manuel Roca.
260 _aSantafé de Bogotá :
_bCooperativo Editorial Magisterio,
_c1998.
300 _a106 p. ;
_c21 cm.
534 _aTítulo original de la obra :
_tTertulia de ausentes
650 4 _aPoesía colombiana
_93742
650 4 _aLiteratura colombiana
_91244
700 1 _aArmani, Horacio,
_etr.
_947048
049 _aBNGR
999 _c22392
_d22392
040 _aDO-SdBNP